Alfonseis

Guardat en:
Dades bibliogràfiques
Autor principal: Zuppardo, Matteo (Autor)
Format: Llibre
Idioma:italià
llatí
Publicat: Palermo Centro di Studi Filologici e Linguistici Siciliani 1990
Edició:1a. ed
Col·lecció:Mediolatina e Umanistica, 6
Matèries:
Etiquetes: Afegir etiqueta
Sense etiquetes, Sigues el primer a etiquetar aquest registre!

MARC

LEADER 00000cam a2200000 a 4500
001 UCC4238
003 CL-VaPUC
008 180720e19900000it |||||||||||||||||ita|d
041 0 7 |a ita  |2 CL-VaPUC 
041 0 7 |a lat  |2 CL-VaPUC 
082 0 4 |a 871  |b ZUP  |2 21 
100 0 |a Zuppardo, Matteo  |e author  |9 598389 
245 1 0 |a Alfonseis 
250 |a 1a. ed 
300 |a 293 p 
942 |c BK 
945 |d 20180720 14:27:00  |a dcastane 
260 |a Palermo  |b Centro di Studi Filologici e Linguistici Siciliani  |c 1990 
650 0 |a Literatura italiana  |9 266970 
650 0 |a Poesía latina   |9 341307 
583 |a last modification  |c 20180720 14:27:00  |k Rodrigo Vera 
490 0 |a Mediolatina e Umanistica, 6 
999 |c 371791  |d 371789 
952 |0 0  |1 0  |3 erb  |4 0  |6 871_000000000000000_ZUP_1990  |7 0  |8 A  |9 488987  |a FDOLAF  |b FDOLAF  |e Laffi, Umberto, 1939-  |i 5482488  |o 871 ZUP 1990  |p 5482488  |r 2024-01-30  |w 2019-11-24  |y BK  |z Catalogado en:20180720  |k LAF